| 000 | 00447nam a2200157 i 4500 | ||
|---|---|---|---|
| 001 | 34468 | ||
| 003 | ES-MaACL | ||
| 005 | 20230906154935.0 | ||
| 007 | t| | ||
| 008 | 030207s1913 fr ||||1| fre d | ||
| 100 | 1 |
_aBonet-Maury, Gastón. _930132 |
|
| 245 | 1 | 3 |
_aL' unité des religions / _cpar Gastón Bonet-Maury. |
| 260 |
_aParís : _b[s.n., _c1913] ( _eTours : _fE. Arrault et Cie) |
||
| 300 |
_a214 p. ; _c18 cm. |
||
| 852 |
_aES-MaACL _jF-11950 |
||
| 999 |
_c34468 _d34468 |
||